Southville International School and Colleges
Your cart is empty.
  • Cart
  • Lists
    Public lists Eva Luna New books Lux_list list_1
    Your lists Log in to create your own lists
  • Log in to your account
  • Your cookies
  • Search history
Southville International School and Colleges
  • Advanced search
  • Recent comments
  • Most popular
  • Libraries

Log in to your account

Log in with GOOGLE


If you do not have an external account, but do have a local account, you can still log in:

  1. Home
  2. MARC view: Voice of influence :
Normal view MARC view ISBD view

Voice of influence : (Record no. 39649)

[ view plain ]
MARC details
000 -LEADER
fixed length control field 00638nam a2200205 a 4500
003 - CONTROL NUMBER IDENTIFIER
control field PILC
005 - DATE AND TIME OF LATEST TRANSACTION
control field 20160203122814.0
008 - FIXED-LENGTH DATA ELEMENTS--GENERAL INFORMATION
fixed length control field 100817s19uu xx 00 eng d
020 ## - INTERNATIONAL STANDARD BOOK NUMBER
International Standard Book Number 9781845902889
050 ## - LIBRARY OF CONGRESS CALL NUMBER
Classification number BF 575.L8
Item number .Ap652 2009
100 ## - MAIN ENTRY--PERSONAL NAME
Personal name Apps, Judy.
245 ## - TITLE STATEMENT
Title Voice of influence :
Remainder of title how to get people to love to listen to you /
Statement of responsibility, etc Judy Apps.
260 ## - PUBLICATION, DISTRIBUTION, ETC. (IMPRINT)
Place of publication, distribution, etc United Kingdom :
Name of publisher, distributor, etc Crown House Publishingf Limited,
Date of publication, distribution, etc 2009.
300 ## - PHYSICAL DESCRIPTION
Extent 213 pages :
Other physical details illustrations ;
Dimensions 23 cm.
500 ## - GENERAL NOTE
General note Includes index.
650 ## - SUBJECT ADDED ENTRY--TOPICAL TERM
Topical term or geographic name as entry element Business communication.
650 ## - SUBJECT ADDED ENTRY--TOPICAL TERM
Topical term or geographic name as entry element Effective communication.
942 ## - ADDED ENTRY ELEMENTS (KOHA)
Koha item type Books
Source of classification or shelving scheme Library of Congress Classification
Call number prefix Foreign
Holdings
Withdrawn status Lost status Source of classification or shelving scheme Damaged status Home library Current library Shelving location Date acquired Source of acquisition Cost, normal purchase price Total Checkouts Total Renewals Full call number Barcode Date last seen Date checked out Copy number Price effective from Koha item type
    Library of Congress Classification   College Library College Library General Circulation Section 08/17/2010 Donation 1740.00 1 7 BF 575.L8 .Ap652 2009 C11399 05/15/2018 12/13/2017 1 10/18/2013 Books

Voice of influence :

APA

Apps J., . (2009). Voice of influence. United Kingdom: Crown House Publishingf Limited.

Chicago

Apps Judy, . 2009. Voice of influence. United Kingdom: Crown House Publishingf Limited.

Harvard

Apps J., . (2009). Voice of influence. United Kingdom: Crown House Publishingf Limited.

MLA

Apps Judy, . Voice of influence. United Kingdom: Crown House Publishingf Limited. 2009.

  • Place hold
  • Print
  • Cite
  • Add to your cart (remove)
  • Save record
    BIBTEX Dublin Core MARCXML MARC (non-Unicode/MARC-8) MARC (Unicode/UTF-8) MARC (Unicode/UTF-8, Standard) MODS (XML) RIS
  • More searches
    Search for this title in:
    Other Libraries (WorldCat) Other Databases (Google Scholar) Online Stores (Bookfinder.com) Open Library (openlibrary.org)

Exporting to Dublin Core...

SOUTHVILLE LIBRARY

Southville International School and Colleges Library

1281 Tropical Ave. Cor. Luxembourg St., BF Homes International, Las Pinas City

Tel. No. 8256374 / 252358 Loc. 117/146

Powered by Koha